000 00682nam a2200265Ia 4500
005 20260302114538.0
008 008 260114s9999 xx 000 0 eng d
020 _a9781501388330
037 _aTextbook
040 _aCRL
040 _beng
040 _cCRL
041 _2eng
041 _aeng
084 _qCRL
100 _aVic McCracken
_91119072
245 0 _aChristian Faith and Social Justice: Five Views
260 _bBloomsbury
260 _bBloomsbury Academic
260 _c2014
650 _aPhilosophy
856 _uhttps://doi.org/10.5040/9781501388330?locatt=label:secondary_bloomsburyCollections
942 _cEBOOK
999 _c1682944
_d1682944